000
00222nam a22000977a 4500
999
_c
262836
_d
262835
020
_a
97804252887453
100
_a
Floyd Cooper
245
_a
Max and the tag along moon
260
_a
U.S.A
_b
Penguin Group
_c
2013
942
_c
BK